[Event "Pan American-ch School U15 Girls 12th"]
[Site "Callao"]
[Date "2023.10.20"]
[Round "8"]
[White "Neyra Alba, Daniela Sofia"]
[Black "Lajo Timoteo, Mirella Alejandra"]
[Result "1-0"]
[WhiteElo "1248"]
[BlackElo "1100"]
[PlyCount "115"]
[EventDate "2023.10.16"]
[EventType "swiss"]
[EventRounds "9"]
[EventCountry "PER"]
[SourceTitle "Mega2024 Update 01"]
[Source "Chessbase"]
[SourceDate "2023.11.12"]
[SourceVersion "1"]
[SourceVersionDate "2023.11.12"]
[SourceQuality "1"]

1. e4 e5 2. Nf3 Nf6 3. d4 Nxe4 4. Bd3 d5 5. Nxe5 Be7 6. Qf3 Nf6 7. 0-0 0-0 8. Re1 b6 9. Bf4 Bb7 10. Nd2 Nc6 11. c3 a6 12. Ng4 Re8 13. Qh3 g6 14. Nxf6+ Bxf6 15. Rxe8+ Qxe8 16. Bxc7 b5 17. Nf3 Qe7 18. Qg3 Rc8 19. Bf4 Re8 20. a4 bxa4 21. h3 Bg7 22. Rxa4 Ra8 23. Ne5 Qe8 24. Ra1 Ne7 25. Qe3 Qc8 26. Re1 Nf5 27. Bxf5 Qxf5 28. Qd2 h5 29. Bg3 f6 30. Nd3 Bc6 31. Nb4 Bb5 32. Qf4 Qxf4 33. Bxf4 g5 34. Bd6 Bc4 35. Nc6 h4 36. g3 hxg3 37. fxg3 Bf8 38. Bxf8 Kxf8 39. Kf2 Re8 40. Rxe8+ Kxe8 41. h4 gxh4 42. gxh4 Kf7 43. Kg3 Kg6 44. Kf4 Kh5 45. Kf5 Kxh4 46. Kxf6 Kg3 47. Ke5 Kf3 48. Nb4 Ke3 49. Nxd5+ Kd2 50. Nb6 Bf7 51. d5 Kc2 52. d6 Be8 53. c4 Kxb2 54. d7 Bxd7 55. Nxd7 a5 56. Nb6 a4 57. Nxa4+ Kb3 58. c5 1-0

[Event "Pan American-ch School U15 Girls 12th"]
[Site "Callao"]
[Date "2023.10.19"]
[Round "6"]
[White "Lajo Timoteo, Mirella Alejandra"]
[Black "Zhunio Guaman, Sofia Morelia"]
[Result "1-0"]
[WhiteElo "1100"]
[BlackElo "1247"]
[PlyCount "158"]
[EventDate "2023.10.16"]
[EventType "swiss"]
[EventRounds "9"]
[EventCountry "PER"]
[SourceTitle "Mega2024 Update 01"]
[Source "Chessbase"]
[SourceDate "2023.11.12"]
[SourceVersion "1"]
[SourceVersionDate "2023.11.12"]
[SourceQuality "1"]

1. d4 g6 2. c4 Bg7 3. Nc3 d6 4. e4 Nf6 5. Bg5 0-0 6. Nge2 c5 7. d5 a6 8. Qd2 b5 9. Ng3 b4 10. Nb1 Re8 11. Bh6 Bh8 12. Be2 Nbd7 13. 0-0 Nb6 14. a3 a5 15. axb4 axb4 16. Rxa8 Nxa8 17. f3 Nb6 18. b3 Bd7 19. f4 Bg4 20. e5 Bxe2 21. Qxe2 Nfd7 22. e6 Bd4+ 23. Kh1 fxe6 24. Qxe6+ Kh8 25. f5 Ne5 26. fxg6 hxg6 27. Ne4 Qd7 28. Ng5 Qxe6 29. Nxe6 Ng4 30. Rf8+ Rxf8 31. Bxf8 Bf6 32. h3 Nf2+ 33. Kg1 Nd3 34. g4 Nc8 35. Bh6 Nb6 36. Bg5 Nd7 37. Be3 Bb2 38. Kf1 N7e5 39. Ke2 Bc1 40. Nd2 Bb2 41. Ne4 Nc1+ 42. Bxc1 Bxc1 43. N4g5 Kg8 44. Nf3 Nxf3 45. Kxf3 Kf7 46. g5 Bd2 47. h4 Bc1 48. Kg4 Bb2 49. h5 Bh8 50. Nf4 gxh5+ 51. Kxh5 Be5 52. Ne6 Bc3 53. Kh6 Kg8 54. Kg6 Bb2 55. Nd8 Bc3 56. Nc6 Kf8 57. Kf5 Kf7 58. Nd8+ Ke8 59. Nc6 Kf7 60. Nd8+ Ke8 61. Nc6 Kf7 62. g6+ Kf8 63. Nd8 Bf6 64. Nc6 Kg8 65. Kg4 Kh8 66. Kh5 Kg8 67. Kg4 Kh8 68. Kh5 Kg8 69. Kg4 Kh8 70. Kh5 Be5 71. Kg5 Bf6+ 72. Kf5 Be5 73. Nd8 Bf6 74. Nc6 Kg7 75. Ke6 Kf8 76. g7+ Kxg7 77. Nxe7 Kf8 78. Nc8 Ke8 79. Nxd6+ Kf8 1-0

[Event "Pan American-ch School U15 Girls 12th"]
[Site "Callao"]
[Date "2023.10.19"]
[Round "7"]
[White "Sinchi Dominguez, Niusta Sisa"]
[Black "Lajo Timoteo, Mirella Alejandra"]
[Result "1/2-1/2"]
[WhiteElo "1209"]
[BlackElo "1100"]
[PlyCount "65"]
[EventDate "2023.10.16"]
[EventType "swiss"]
[EventRounds "9"]
[EventCountry "PER"]
[SourceTitle "Mega2024 Update 01"]
[Source "Chessbase"]
[SourceDate "2023.11.12"]
[SourceVersion "1"]
[SourceVersionDate "2023.11.12"]
[SourceQuality "1"]

1. d4 Nf6 2. c4 e6 3. Nc3 d5 4. e3 Be7 5. Nf3 0-0 6. Qc2 c5 7. cxd5 exd5 8. Bd3 c4 9. Be2 b6 10. 0-0 Bb7 11. b3 cxb3 12. axb3 Nc6 13. Bb2 Rc8 14. Qd1 a5 15. Bd3 g6 16. Qe2 Nb4 17. Nd2 Nxd3 18. Qxd3 Bb4 19. Rfc1 Re8 20. Ba3 Bxa3 21. Rxa3 Ne4 22. Ndxe4 dxe4 23. Qd2 Re5 24. Ra2 Rh5 25. Ne2 Rb5 26. Rc3 Rxc3 27. Qxc3 Rc5 28. Qd2 Rb5 29. Qc3 Bd5 30. Qc2 Rb4 31. Nc3 Be6 32. Ne2 Rb5 33. Nc3 1/2-1/2